| 000 | 00360nab a22001097u 4500 | ||
|---|---|---|---|
| 008 | 130520b2003 xxu||||| |||| 00| 0 spa d | ||
| 041 | _aspa | ||
| 100 | 1 |
_aÁlvarez de los Mozos, Patxi _970697 |
|
| 245 | 0 | 0 |
_aLas nuevas identidades-proyecto _cPatxi Álvarez De Los Mozos |
| 773 | 0 |
_tSal Terrae _gV.91, nº1069,2003,págs. 607-610 _x0211-4569 _wRev410 |
|
| 942 | _cAR | ||
| 999 |
_c365547 _d365547 |
||